000 00431nam a22001457a 4500
008 250716b |||||||| |||| 00| 0 eng d
020 _a9788195759026
050 _aHD9000.5
_b.K96
100 _aKumar Bhupendra
245 _aAgriBusiness Management theory and practice
260 _aNew Delhi
_bPinakon publisher
_c2023
300 _aviii, 285p.
_bill;.
650 _aAgricultural Industries
_vAgricultural Management
942 _cBK
999 _c4317
_d4317